000 01027nam0a22002531 4500
001 rc\995951
005 20250622071836.0
035 _a(NLR Aleph) 006162810
090 _a5881205
_c5881205
100 _a20041129d1981 |||y0rusy50 ca
101 0 _arus
102 _aRU
105 _aa |||||||||
200 1 _aКурортные и физиотерапевтические факторы в лечении и реабилитации различных заболеваний
_e[Сб. статей]
210 _aТбилиси
_cБ. и.
_d1981
215 _a159 с.
_cил.
_d20
225 1 _aКурортология и физиотерапия
_eТруды
_fНИИ курортологии и физиотерапии им. И.Г. Кониашвили
_vТ. 39
300 _aЗагл. также на груз. яз.
300 _aВ надзаг. также: М-во здравоохранения ГССР
801 0 _aRU
_bNLR
_gpsbo
801 1 _aRU
_bELAR
_2rusmarc
852 _aNLR
_jП16/574
942 _cBOOK
980 _aNB